Špecifiká finančnej analýzy podniku počas koronakrízy bakalárska práca

Uložené v:
Podrobná bibliografia
Hlavný autor: Cunová, Veronika
Korporativný autor: Fakulta podnikového manažmentu EU. Katedra podnikových financií
Ďalší autori: Smorada, Marián, 1984-
Médium: Kniha
Jazyk:Slovak
Vydavateľské údaje: Bratislava 2023
Tagy: Pridať tag
Žiadne tagy, Buďte prvý, kto otaguje tento záznam!

MARC

LEADER 00000nbm a2200000 4500
001 0293571
005 20240521103742.2
041 0 |a slo 
044 |a SK 
245 1 0 |a Špecifiká finančnej analýzy podniku počas koronakrízy  |b bakalárska práca  |c Veronika Cunová ; školiteľ: Marián Smorada 
264 1 |a Bratislava  |c 2023 
300 |a 41 s. 
100 1 |a Cunová, Veronika 
700 1 |a Smorada, Marián, 1984- 
710 2 |a Fakulta podnikového manažmentu EU. Katedra podnikových financií